|
|
|
|
| LEADER |
00735nam a2200217 a 4500 |
| 001 |
c000090502 |
| 003 |
CARM |
| 005 |
00000000000000.0 |
| 008 |
930623s1969 enk 00011 eng d |
| 019 |
1 |
|
|a 10131212
|5 LACONCORD2021
|
| 020 |
|
|
|a 0709106068
|
| 035 |
|
|
|a (OCoLC)30287857
|5 LACONCORD2021
|
| 040 |
|
|
|a VLINC
|c VLINC
|
| 100 |
1 |
|
|a Keenan, William.
|
| 245 |
1 |
0 |
|a Mosaic of death /
|c by William Keenan.
|
| 260 |
|
|
|a London :
|b Hale,
|c 1969.
|
| 300 |
|
|
|a 208 p. ;
|c 20 cm.
|
| 852 |
8 |
|
|b CARM
|h A2:AG29G0
|i A01359
|p 0120545
|f BK
|
| 082 |
0 |
4 |
|a 823.914
|2 20
|
| 999 |
f |
f |
|i 1f588976-596a-5493-a5df-4829b4bffe0b
|s e21a63d8-8c53-5b8e-9c89-fd459ada66e6
|
| 952 |
f |
f |
|p Can circulate
|a CAVAL
|b CAVAL
|c CAVAL
|d CARM 1 Store
|e A01359
|f A2:AG29G0
|h Other scheme
|i book
|m 0120545
|